| 000 | 00848mam a2200289 a 4500 | ||
|---|---|---|---|
| 999 |
_c123925 _d123925 |
||
| 001 | 2381171 | ||
| 003 | ARRUPE | ||
| 005 | 20170818104522.0 | ||
| 008 | 990326s1999 nyu b 001 0 eng | ||
| 010 | _a 99026814 | ||
| 015 | _aGB99-W0370 | ||
| 020 | _a0801436524 (alk. paper) | ||
| 035 | _a(OCoLC)ocm41118964 | ||
| 040 |
_aDLC _cDLC _dUKM _dC#P |
||
| 050 | 0 | 0 |
_aBD418.3 _b.H375 1999 |
| 082 | 0 | 0 |
_a128/.2 _221 |
| 100 | 1 |
_aHasker, William, _d1935- _921455 |
|
| 245 | 1 | 4 |
_aThe emergent self / _cWilliam Hasker. |
| 260 |
_aIthaca, N.Y. : _bCornell University Press, _c1999. |
||
| 300 |
_axi, 240 p. ; _c24 cm. |
||
| 504 | _aIncludes bibliographical references and index. | ||
| 650 | 0 |
_aPhilosophy of mind _921456 |
|
| 650 | 0 |
_aMind and body _914387 |
|
| 650 | 4 |
_aPhilosophy of mind. _921456 |
|
| 942 |
_2lcc _cMONOGRAPH |
||